000 00510pab a2200169 454500
008 180718b2001 xxu||||| |||| 00| 0 eng d
100 _aRoness, Paul G.
245 _aReforming central governments and Parliaments: structural recoupling and institutional characteristics
260 _c2001
300 _ap.673-90
362 _aDec
650 _aParliament
650 _aCentral government
650 _aAdministrative reform
773 _aInternational Review of Administrative Sciences
909 _a51688
999 _c51688
_d51688